000 01698nam0a2200373 4500
001 RU\NLR\bibl\798663
005 20260409071139.0
010 _a5-699-06659-4
_96000
021 _aRU
_b2004-47047
_92323
035 _a(NLR Aleph) 000787850
035 _aRSL-KNO-002457139
090 _a1102858
_c1102858
100 _a20040806d2004 u y0rusy50 ca
101 1 _arus
_ceng
102 _aRU
105 _aa |||||||||
106 _ar
200 1 _aЯзык мыслей
_eкак научиться читать мысли человека по его движениям и поступкам
_fПитер Колетт
_g[пер. с англ. С. Головой, А. Голова]
210 _aМ.
_cЭксмо
_d2004
_eТул. тип.
215 _a415 с.
_cил., портр.
_d21
225 1 _aПсихологический бестселлер
606 1 _aЯзык тела
_92130468
_3RU\NLR\auth\661285360
606 _aОбщение (социол.)
_91209654
_3RU\NLR\auth\66490938
610 0 _aПсихология -- Социальная (общественная) психология -- Психологические проблемы социального общения (коммуникативности), влияния и взаимовлияния людей -- Социально-психологические проблемы общения между людьми
686 _aЮ953.2,0
_2rubbk
686 _aЮ935.108
686 _aС550.353
700 1 _aКолетт
_bП.
_gПитер
_4070
801 0 _aRU
_bRuMoRKP
_c20040806
_grcr
801 1 _aRU
_bRuMoRGB
_c20040806
801 2 _aRU
_bNLR
_c20050514
_gPSBO
942 _cBOOK
980 _aNB